Naval Research Logistics Quarterly Office of Naval Research

Guardado en:
Detalles Bibliográficos
Formato: Seriadas
Lenguaje:inglés
Publicado: Washington Office of Naval Research 1966
Materias:
Etiquetas: Agregar Etiqueta
Sin Etiquetas, Sea el primero en etiquetar este registro!

MARC

LEADER 00000nas2a2200000 4500
001 s006507
005 20240109075443.3
041 0 |a eng 
044 |a US 
245 1 0 |a Naval Research Logistics Quarterly  |b Office of Naval Research 
264 1 |a Washington  |b Office of Naval Research  |c 1966 
300 |a 12 zv. 
773 0 |w eu_un_cat*s120965 
610 2 0 |a logistika